Clean technology for the mining industry

Uloženo v:
Podrobná bibliografie
Hlavní autoři: Sánchez, M. A (Autor), Vergara, F (Autor), Castro, S. H (Autor)
Médium: Kniha
Jazyk:angličtina
Vydáno: Concepción Universidad de Concepción 1996
Témata:
Tagy: Přidat tag
Žádné tagy, Buďte první, kdo vytvoří štítek k tomuto záznamu!

MARC

LEADER 00000nam a2200000 a 4500
001 UCM0358
003 CL-VaPUC
005 20210313001842.0
008 020125e19960000cl 1 eng d
082 0 4 |a 669.9  |b SAN  |2 21 
100 1 |a Sánchez, M. A  |e author  |9 620056 
700 1 |a Vergara, F  |e author  |9 620057 
700 1 |a Castro, S. H  |e author  |9 620058 
245 1 0 |a Clean technology for the mining industry 
260 |a Concepción  |b Universidad de Concepción  |c 1996 
300 |a 550 p 
583 |a last modification  |c 20020125 00:00:00  |k Rodrigo Vera 
650 0 7 |a METALURGIA QUIMICA  |2 CL-VaPUC  |9 620059 
650 0 7 |a DESECHOS METALURGICOS  |2 CL-VaPUC  |9 324893 
650 0 7 |a CONTAMINACION INDUSTRIAL  |2 CL-VaPUC  |9 261690 
650 0 0 |a Protección del medio ambiente  |9 257626 
942 |c BK 
945 |a crobeson  |d 20020125 00:00:00 
546 |a En Inglés 
518 |p Clean Technologies for the Mining Industry, 3, Santiago, 15 al 17 de mayo de 1996 
999 |c 383745  |d 383743